000 00440nam a22001697a 4500
003 OSt
008 260512b |||||||| |||| 00| 0 eng d
082 _a633.61
_bS15S
100 _aKumar, Sanjay
245 _aStudies on Response of Sugarcane Varieties to Different Levels of Fertilization
260 _aPusa, Samastipur
_bRAU
_c1991
300 _a96P.
502 _bMsc.
_d1991
650 _aAgronomy
650 _aMsc.
942 _2ddc
_cT
999 _c50557
_d50557